[Event "Titled Tuesday intern op 08th Aug Late"]
[Site "Chess.com INT"]
[Date "2023.08.08"]
[Round "2"]
[White "Rios Parra, Mauricio Flores"]
[Black "Yedidia, Jonathan"]
[Result "0-1"]
[WhiteElo "2267"]
[BlackElo "2360"]
[PlyCount "54"]
[EventDate "2023.08.08"]
[EventType "swiss (blitz)"]
[EventRounds "11"]
[EventCountry "USA"]
[SourceTitle "EXT 2024"]
[Source "ChessBase"]
[SourceDate "2023.10.10"]
[SourceVersion "1"]
[SourceVersionDate "2023.10.10"]
[SourceQuality "1"]

1. e4 e5 2. Nf3 Nc6 3. Bc4 Nf6 4. d3 Bc5 5. c3 d6 6. 0-0 a5 7. Bb3 Ba7 8. Nbd2 0-0 9. Re1 Be6 10. Bc2 Ng4 11. Re2 Bxf2+ 12. Kh1 Ne3 13. Rxe3 Bxe3 14. Qe2 Ba7 15. Nf1 h6 16. Ne3 Ne7 17. Bd2 f5 18. Rf1 f4 19. Nd1 g5 20. d4 Ng6 21. d5 Bd7 22. h3 h5 23. Nh2 g4 24. hxg4 hxg4 25. Nxg4 Qh4+ 26. Nh2 Kg7 27. Be1 Qxh2+ 0-1

[Event "Titled Tuesday intern op 27th Apr"]
[Site "Chess.com INT"]
[Date "2021.04.27"]
[Round "8"]
[White "Rosen, Eric S"]
[Black "Rios Parra, Mauricio Flores"]
[Result "1-0"]
[WhiteElo "2353"]
[BlackElo "2267"]
[PlyCount "113"]
[EventDate "2021.04.27"]
[EventType "swiss (blitz)"]
[EventRounds "11"]
[EventCountry "USA"]
[SourceTitle "CBM 202 Extra"]
[Source "ChessBase"]
[SourceDate "2021.07.31"]
[SourceVersion "1"]
[SourceVersionDate "2021.07.31"]
[SourceQuality "1"]

1. e4 c5 2. Nc3 d6 3. f4 e6 4. Nf3 Nc6 5. Bc4 Nge7 6. d4 cxd4 7. Nxd4 Nxd4 8. Qxd4 Nc6 9. Qf2 Be7 10. 0-0 0-0 11. Be3 a6 12. a4 Bd7 13. Bb6 Qb8 14. a5 Bd8 15. Rad1 Bxb6 16. Qxb6 Rd8 17. Rd3 Be8 18. Rfd1 Qa7 19. Rxd6 Rxd6 20. Rxd6 Nxa5 21. Qxa7 Rxa7 22. Rd8 Kf8 23. Be2 Ke7 24. Rd1 b5 25. e5 Nb7 26. Bf3 Nc5 27. b4 Na4 28. Nxa4 bxa4 29. c4 Rc7 30. c5 a5 31. bxa5 Rxc5 32. a6 Ra5 33. Be2 Bb5 34. Rb1 Bc6 35. Kf2 a3 36. Ra1 Kd7 37. g3 Bd5 38. Ke3 Kc6 39. Kd2 Kc5 40. Kc3 h6 41. h4 f6 42. exf6 gxf6 43. g4 e5 44. fxe5 fxe5 45. g5 hxg5 46. hxg5 e4 47. g6 e3 48. g7 Bg8 49. Kd3 a2 50. Kxe3 Kd6 51. Kd4 Ke7 52. Kc3 Kf6 53. Kb4 Re5 54. a7 Re8 55. Bf3 Kxg7 56. a8Q Rxa8 57. Bxa8 1-0

[Event "Titled Tuesday intern op 27th Apr"]
[Site "Chess.com INT"]
[Date "2021.04.27"]
[Round "1"]
[White "Szente Varga, Fruzsina"]
[Black "Rios Parra, Mauricio Flores"]
[Result "0-1"]
[WhiteElo "2100"]
[BlackElo "2267"]
[PlyCount "50"]
[EventDate "2021.04.27"]
[EventType "swiss (blitz)"]
[EventRounds "11"]
[EventCountry "USA"]
[SourceTitle "CBM 202 Extra"]
[Source "ChessBase"]
[SourceDate "2021.07.31"]
[SourceVersion "1"]
[SourceVersionDate "2021.07.31"]
[SourceQuality "1"]

1. e4 c5 2. Nf3 d6 3. d4 cxd4 4. Qxd4 e5 5. Qe3 h6 6. c4 Nf6 7. h3 Be6 8. Nc3 Be7 9. Be2 a6 10. 0-0 Nbd7 11. Rd1 Rc8 12. b3 Qc7 13. Ba3 b5 14. Rac1 bxc4 15. bxc4 0-0 16. Nd5 Bxd5 17. cxd5 Qa5 18. Nh4 Rxc1 19. Rxc1 Nxd5 20. exd5 Bxh4 21. Bxd6 Bg5 22. f4 Bxf4 23. Qc3 Qb6+ 24. Bc5 Nxc5 25. Qxc5 Be3+ 0-1

[Event "Medellin Raza op 8th"]
[Site "Medellin"]
[Date "2018.10.07"]
[Round "7"]
[White "Rios Parra, Mauricio Flores"]
[Black "Becerra, Juan David"]
[Result "1-0"]
[WhiteElo "2235"]
[BlackElo "2261"]
[PlyCount "71"]
[EventDate "2018.10.04"]
[EventType "swiss"]
[EventRounds "7"]
[EventCountry "COL"]
[SourceTitle "CBM 186 Extra"]
[Source "ChessBase"]
[SourceDate "2018.08.24"]
[SourceVersion "1"]
[SourceVersionDate "2018.08.24"]
[SourceQuality "1"]

1. c4 Nf6 2. Nf3 g6 3. g3 Bg7 4. Bg2 0-0 5. d4 d6 6. Nc3 c6 7. 0-0 Nbd7 8. Qc2 Qc7 9. Rd1 a5 10. b3 Re8 11. Bb2 e5 12. e3 Nf8 13. Rac1 Bf5 14. e4 Bg4 15. d5 c5 16. h3 Bd7 17. Nb5 Qb6 18. a4 h6 19. Nh4 N6h7 20. Kh2 Bf6 21. Nf3 Re7 22. Bc3 Bxb5 23. cxb5 Qd8 24. h4 Bg7 25. Bh3 b6 26. Re1 h5 27. Bd2 Nd7 28. Kg2 Qf8 29. Be3 f5 30. exf5 e4 31. Ng5 gxf5 32. Qd1 Nxg5 33. Bxg5 Re5 34. Bf4 Qf7 35. Bxe5 Bxe5 36. Rxe4 1-0

[Event "Medellin Conconcreto op"]
[Site "Medellin"]
[Date "2018.01.28"]
[Round "6"]
[White "Caicedo, Carlos Andres"]
[Black "Rios Parra, Mauricio Flores"]
[Result "0-1"]
[WhiteElo "1980"]
[BlackElo "2244"]
[PlyCount "68"]
[EventDate "2018.01.24"]
[EventType "swiss"]
[EventRounds "7"]
[EventCountry "COL"]
[SourceTitle "CBM 182 Extra"]
[Source "ChessBase"]
[SourceDate "2018.02.23"]
[SourceVersion "1"]
[SourceVersionDate "2018.02.23"]
[SourceQuality "1"]

1. e4 c5 2. Nf3 Nc6 3. d4 cxd4 4. Nxd4 g6 5. Nc3 Bg7 6. Be3 Nf6 7. Bc4 Qa5 8. 0-0 d6 9. f3 0-0 10. Bb3 Bd7 11. Qd2 Rfc8 12. Rad1 Ne5 13. Nd5 Qxd2 14. Rxd2 Nxd5 15. Bxd5 Nc4 16. Bxc4 Rxc4 17. b3 Rc3 18. Kf2 b5 19. Ne2 Rc7 20. c3 a5 21. Bd4 Bh6 22. Be3 Bf8 23. Rfd1 f6 24. h3 a4 25. Rb1 axb3 26. Rxb3 e5 27. Nc1 f5 28. Rdb2 fxe4 29. fxe4 Rc4 30. Ne2 Rxe4 31. Rb4 Rxb4 32. cxb4 Be6 33. Nc3 Bc4 34. Bb6 Ra3 0-1

[Event "Medellin Easter op 7th"]
[Site "Medellin"]
[Date "2017.04.13"]
[Round "3"]
[White "Rios Parra, Mauricio Flores"]
[Black "Hernandez Pinzon, Helvert"]
[Result "1-0"]
[WhiteElo "2279"]
[BlackElo "2006"]
[PlyCount "87"]
[EventDate "2017.04.12"]
[EventType "swiss"]
[EventRounds "8"]
[EventCountry "COL"]
[SourceTitle "CBM 177 Extra"]
[Source "ChessBase"]
[SourceDate "2017.04.27"]
[SourceVersion "1"]
[SourceVersionDate "2017.04.27"]
[SourceQuality "1"]

1. Nf3 Nf6 2. g3 b6 3. Bg2 Bb7 4. c4 e6 5. 0-0 Be7 6. Nc3 0-0 7. d4 d5 8. Ne5 Nbd7 9. f4 c5 10. e3 a6 11. b3 Rc8 12. Bb2 Qc7 13. cxd5 exd5 14. Rc1 Qb8 15. Nxd7 Nxd7 16. Nxd5 Bxd5 17. Bxd5 Bf6 18. Rf2 Rcd8 19. Rd2 Rfe8 20. Qf3 Re7 21. Rcd1 Rde8 22. e4 Bxd4+ 23. Bxd4 cxd4 24. Rxd4 Nf6 25. Bc6 Rc8 26. e5 Ne8 27. Bd5 b5 28. b4 Qb6 29. Qf2 Rec7 30. Bb3 Kf8 31. Rd8 Qxf2+ 32. Kxf2 Ke7 33. R8d6 Ra7 34. Rb6 Rd8 35. Rxd8 Kxd8 36. Rb8+ Ke7 37. g4 g6 38. h4 f6 39. Rb6 fxe5 40. fxe5 Nc7 41. h5 gxh5 42. gxh5 Ra8 43. Rh6 Rh8 44. Ke3 1-0

[Event "Medellin Easter op 7th"]
[Site "Medellin"]
[Date "2017.04.13"]
[Round "2"]
[White "Sierra Mejia, Juan Pablo"]
[Black "Rios Parra, Mauricio Flores"]
[Result "1-0"]
[WhiteElo "2096"]
[BlackElo "2279"]
[PlyCount "77"]
[EventDate "2017.04.12"]
[EventType "swiss"]
[EventRounds "8"]
[EventCountry "COL"]
[SourceTitle "CBM 177 Extra"]
[Source "ChessBase"]
[SourceDate "2017.04.27"]
[SourceVersion "1"]
[SourceVersionDate "2017.04.27"]
[SourceQuality "1"]

1. d4 d5 2. c4 c6 3. Nc3 Nf6 4. Nf3 e6 5. Bg5 dxc4 6. e4 b5 7. e5 h6 8. Bh4 g5 9. Nxg5 hxg5 10. Bxg5 Nbd7 11. g3 Nxe5 12. dxe5 Qxd1+ 13. Rxd1 Nd5 14. Bg2 Bb4 15. Bd2 Be7 16. 0-0 Bb7 17. Ne4 Rh5 18. f4 0-0-0 19. h4 Nb4 20. Bxb4 Bxb4 21. Rxd8+ Kxd8 22. Rd1+ Kc8 23. Nf6 Rh8 24. Rd7 a5 25. Rxf7 a4 26. Bh3 Bc5+ 27. Kf1 Bd4 28. Bxe6+ Kb8 29. Bf5 b4 30. e6 Bxb2 31. e7 b3 32. Rf8+ Ka7 33. axb3 a3 34. Bb1 cxb3 35. e8Q Rxf8 36. Qxf8 a2 37. Qc5+ Kb8 38. Nd7+ Kc8 39. Qf8+ 1-0

[Event "Medellin Easter op 7th"]
[Site "Medellin"]
[Date "2017.04.12"]
[Round "1"]
[White "Rios Parra, Mauricio Flores"]
[Black "Marquez Velez, Juan Diego"]
[Result "1-0"]
[WhiteElo "2279"]
[BlackElo "1896"]
[PlyCount "41"]
[EventDate "2017.04.12"]
[EventType "swiss"]
[EventRounds "8"]
[EventCountry "COL"]
[SourceTitle "CBM 177 Extra"]
[Source "ChessBase"]
[SourceDate "2017.04.27"]
[SourceVersion "1"]
[SourceVersionDate "2017.04.27"]
[SourceQuality "1"]

1. Nf3 Nf6 2. c4 c5 3. g3 d5 4. cxd5 Nxd5 5. Bg2 Nc6 6. Nc3 Nc7 7. 0-0 e5 8. d3 Be7 9. Be3 0-0 10. Rc1 Bd7 11. Nd2 Rb8 12. Nc4 f6 13. f4 b5 14. Nd2 Nd4 15. fxe5 fxe5 16. Nf3 Nxf3+ 17. Rxf3 Bg4 18. Rxf8+ Qxf8 19. Ne4 Nd5 20. Bf2 Kh8 21. Nxc5 1-0

[Event "Medellin Construct op"]
[Site "Medellin"]
[Date "2017.01.27"]
[Round "3"]
[White "Rios Parra, Mauricio Flores"]
[Black "Munoz Monroy, Cinthya Carolina"]
[Result "1-0"]
[WhiteElo "2295"]
[BlackElo "1966"]
[PlyCount "49"]
[EventDate "2017.01.25"]
[EventType "swiss"]
[EventRounds "7"]
[EventCountry "COL"]
[SourceTitle "CBM 176 Extra"]
[Source "ChessBase"]
[SourceDate "2017.03.02"]
[SourceVersion "1"]
[SourceVersionDate "2017.03.02"]
[SourceQuality "1"]

1. Nf3 Nf6 2. g3 g6 3. Bg2 Bg7 4. c4 d6 5. 0-0 0-0 6. Nc3 c6 7. Rb1 e5 8. d3 Nbd7 9. b4 d5 10. Nd2 Nb6 11. a4 a5 12. bxa5 Rxa5 13. Ba3 Re8 14. Bb4 Ra8 15. a5 Nbd7 16. cxd5 c5 17. Ba3 Qxa5 18. Rb3 Rb8 19. Nc4 Qa6 20. Nb5 Qa4 21. e4 b6 22. Qc2 Nf8 23. Rfb1 Bd7 24. Nc3 Qa7 25. Rxb6 1-0

[Event "Ortega op 5th"]
[Site "Ortega"]
[Date "2015.06.14"]
[Round "5"]
[White "Remicio Duque, John H"]
[Black "Rios Parra, Mauricio Flores"]
[Result "0-1"]
[WhiteElo "2028"]
[BlackElo "2320"]
[PlyCount "90"]
[EventDate "2015.06.12"]
[EventType "swiss"]
[EventRounds "7"]
[EventCountry "COL"]
[SourceTitle "CBM 167 Extra"]
[Source "ChessBase"]
[SourceDate "2015.09.14"]
[SourceVersion "1"]
[SourceVersionDate "2015.09.14"]
[SourceQuality "1"]

1. e4 c5 2. c3 g6 3. d4 cxd4 4. cxd4 d5 5. exd5 Nf6 6. Nc3 Bg7 7. Bb5+ Nbd7 8. Nf3 0-0 9. d6 exd6 10. 0-0 a6 11. Ba4 b5 12. Bb3 Bb7 13. Bg5 Rc8 14. Rc1 Nb6 15. Re1 Nc4 16. Bxc4 Rxc4 17. b3 Rc8 18. Ne4 Bxe4 19. Rxe4 Qa5 20. Bxf6 Bxf6 21. Re2 Qb4 22. d5 Qa3 23. Rxc8 Rxc8 24. Rc2 Rxc2 25. Qxc2 Qc5 26. Qd2 Kg7 27. Kf1 Bc3 28. Qd3 Bb2 29. a4 bxa4 30. bxa4 a5 31. Qb3 Qc1+ 32. Ke2 Bf6 33. g3 g5 34. Nd2 Bc3 35. Ne4 Bb4 36. Qe3 Qb2+ 37. Kf3 h6 38. g4 Qe5 39. Ng3 Qxd5+ 40. Qe4 Qe6 41. Nf5+ Kg8 42. h4 d5 43. Qxe6 fxe6 44. Nxh6+ Kg7 45. hxg5 Bd2 0-1

[Event "Ortega op 5th"]
[Site "Ortega"]
[Date "2015.06.13"]
[Round "3"]
[White "Univio Sanchez, German"]
[Black "Rios Parra, Mauricio Flores"]
[Result "0-1"]
[WhiteElo "2034"]
[BlackElo "2320"]
[PlyCount "94"]
[EventDate "2015.06.12"]
[EventType "swiss"]
[EventRounds "7"]
[EventCountry "COL"]
[SourceTitle "CBM 167 Extra"]
[Source "ChessBase"]
[SourceDate "2015.09.14"]
[SourceVersion "1"]
[SourceVersionDate "2015.09.14"]
[SourceQuality "1"]

1. c4 Nf6 2. Nc3 e5 3. g3 Bb4 4. Bg2 0-0 5. Nf3 Nc6 6. 0-0 d6 7. d3 Re8 8. Bg5 Bxc3 9. bxc3 Bd7 10. Nh4 h6 11. Bc1 e4 12. f4 Bg4 13. d4 Bd7 14. Ba3 Na5 15. c5 Nc4 16. Bc1 dxc5 17. dxc5 Qe7 18. Qd4 Bb5 19. Nf5 Qe6 20. Bh3 Rad8 21. Nxh6+ gxh6 22. Bxe6 Rxd4 23. Bxf7+ Kxf7 24. cxd4 e3 25. Rb1 Ba6 26. Rd1 Nd5 27. Rb3 Rg8 28. Kf1 Kf6 29. Rdd3 Re8 30. Kg2 b6 31. c6 Na5 32. Kf3 Bxd3 33. Rxd3 Nxc6 34. a3 Na5 35. g4 Nc4 36. h4 h5 37. Rd1 hxg4+ 38. Kxg4 Rg8+ 39. Kf3 Kf5 40. h5 Nc3 41. Rh1 Ne4 42. Rh3 Ned2+ 43. Bxd2 exd2 44. e4+ Kf6 45. Rh1 Nb2 46. h6 d1Q+ 47. Rxd1 Nxd1 0-1

[Event "COL-chT Cup"]
[Site "Bogota"]
[Date "2015.06.06"]
[Round "2.3"]
[White "Rua, Nora L"]
[Black "Rios Parra, Mauricio Flores"]
[Result "0-1"]
[WhiteElo "1925"]
[BlackElo "2320"]
[PlyCount "57"]
[EventDate "2015.06.06"]
[EventType "team-swiss"]
[EventRounds "6"]
[EventCountry "COL"]
[SourceTitle "CBM 166 Extra"]
[Source "ChessBase"]
[SourceDate "2015.06.18"]
[SourceVersion "1"]
[SourceVersionDate "2015.06.18"]
[SourceQuality "1"]
[WhiteTeam "Valle (Women)"]
[BlackTeam "Meta www.reinosdelajedrez"]
[WhiteTeamCountry "COL"]
[BlackTeamCountry "COL"]

1. d4 Nf6 2. c4 e6 3. Nf3 b6 4. Nc3 Bb7 5. d5 Bb4 6. Bg5 Bxc3+ 7. bxc3 h6 8. Bxf6 Qxf6 9. Qd3 Na6 10. e4 Nc5 11. Qe3 Nxe4 12. Nd4 Nd6 13. Bd3 0-0 14. dxe6 fxe6 15. 0-0 e5 16. Nb5 Nxb5 17. cxb5 Qf4 18. Qh3 e4 19. Bc4+ d5 20. Bb3 Rad8 21. Rae1 a6 22. a4 axb5 23. axb5 Kh8 24. Re3 d4 25. cxd4 Rxd4 26. Rg3 Bd5 27. Qd7 Qf6 28. Bxd5 Qxf2+ 29. Rxf2 0-1

[Event "Mosquera op"]
[Site "Mosquera"]
[Date "2014.11.03"]
[Round "8"]
[White "Rios Parra, Mauricio Flores"]
[Black "Fonseca Pinto, Carlos Arturo"]
[Result "1-0"]
[WhiteElo "2323"]
[BlackElo "2099"]
[PlyCount "63"]
[EventDate "2014.10.30"]
[EventType "swiss"]
[EventRounds "9"]
[EventCountry "COL"]
[SourceTitle "EXT 2015"]
[Source "ChessBase"]
[SourceDate "2014.11.20"]
[SourceVersion "1"]
[SourceVersionDate "2014.11.20"]
[SourceQuality "1"]

1. e4 e5 2. Nf3 Nc6 3. Bb5 a6 4. Bxc6 dxc6 5. Nc3 Bg4 6. h3 Bxf3 7. Qxf3 Qf6 8. Qxf6 Nxf6 9. d3 Bc5 10. f4 Nd7 11. Rf1 f6 12. Ke2 Ke7 13. Be3 Bxe3 14. Kxe3 Rae8 15. fxe5 fxe5 16. Rf5 Rhf8 17. Raf1 Rxf5 18. exf5 Nf6 19. g4 h6 20. Re1 Nd5+ 21. Ke4 Nf6+ 22. Kf3 Kf7 23. Ne4 b6 24. h4 Nd5 25. a3 c5 26. g5 g6 27. f6 hxg5 28. hxg5 Rh8 29. Nf2 Ke6 30. Ng4 Rh3+ 31. Kf2 Kf5 32. f7 1-0

[Event "Mosquera op"]
[Site "Mosquera"]
[Date "2014.11.01"]
[Round "4"]
[White "Rios Parra, Mauricio Flores"]
[Black "Garcia Alarcon, Alvaro"]
[Result "1/2-1/2"]
[WhiteElo "2323"]
[BlackElo "2233"]
[PlyCount "83"]
[EventDate "2014.10.30"]
[EventType "swiss"]
[EventRounds "9"]
[EventCountry "COL"]
[SourceTitle "EXT 2015"]
[Source "ChessBase"]
[SourceDate "2014.11.20"]
[SourceVersion "1"]
[SourceVersionDate "2014.11.20"]
[SourceQuality "1"]

1. e4 e6 2. d4 d5 3. Nd2 Nf6 4. e5 Nfd7 5. Bd3 b6 6. Ne2 c5 7. c3 Ba6 8. Bxa6 Nxa6 9. Nf3 Be7 10. 0-0 h6 11. Qa4 Qc8 12. dxc5 Naxc5 13. Qg4 g6 14. c4 dxc4 15. Qxc4 Qa6 16. Qxa6 Nxa6 17. Ned4 Nc7 18. Rd1 g5 19. g4 Bc5 20. Nb3 Nd5 21. Kg2 0-0-0 22. Bd2 Kb7 23. Rac1 Rc8 24. h3 Rhd8 25. Rh1 Be7 26. Rxc8 Rxc8 27. Rc1 Rxc1 28. Nxc1 Nc5 29. Nd4 Ne4 30. Be3 Nxe3+ 31. fxe3 Bf8 32. Nd3 Nc5 33. Nxc5+ bxc5 34. Nf3 Kc6 35. e4 a5 36. Kf2 c4 37. Ke3 Bc5+ 38. Kd2 Bb4+ 39. Kc2 a4 40. a3 Ba5 41. Nd4+ Kc5 42. Nf3 1/2-1/2

[Event "Mosquera op"]
[Site "Mosquera"]
[Date "2014.10.30"]
[Round "1"]
[White "Verbel, Jose"]
[Black "Rios Parra, Mauricio Flores"]
[Result "0-1"]
[WhiteElo "2034"]
[BlackElo "2323"]
[PlyCount "76"]
[EventDate "2014.10.30"]
[EventType "swiss"]
[EventRounds "9"]
[EventCountry "COL"]
[SourceTitle "EXT 2015"]
[Source "ChessBase"]
[SourceDate "2014.11.20"]
[SourceVersion "1"]
[SourceVersionDate "2014.11.20"]
[SourceQuality "1"]

1. e4 c5 2. Nf3 d6 3. d4 cxd4 4. Nxd4 Nf6 5. Nc3 a6 6. Bg5 e6 7. f4 Qb6 8. Qd2 Qxb2 9. Rb1 Qa3 10. Bxf6 gxf6 11. Be2 Nc6 12. Nxc6 bxc6 13. Rb3 Qa5 14. 0-0 Be7 15. Rd1 h5 16. Bf3 e5 17. f5 h4 18. h3 Kf8 19. Kh1 Kg7 20. Qe3 Qc7 21. Rdb1 a5 22. a4 Qa7 23. Qb6 Ba6 24. Kg1 Rhc8 25. Qxa7 Rxa7 26. Kf2 d5 27. Be2 Bb4 28. Bxa6 Rxa6 29. Kf3 d4 30. Na2 c5 31. Ke2 Rd6 32. Rc1 Kh6 33. Rf3 c4 34. c3 d3+ 35. Kd2 Bc5 36. g3 Rb6 37. Ra1 Rb2+ 38. Kd1 Rh2 0-1

[Event "COL-ch sf"]
[Site "Medellin"]
[Date "2014.??.??"]
[Round "8"]
[White "Rios Parra, Mauricio Flores"]
[Black "Becerra, Juan David"]
[Result "1/2-1/2"]
[WhiteElo "2311"]
[BlackElo "2197"]
[PlyCount "74"]
[EventDate "2014.04.15"]
[EventType "swiss"]
[EventRounds "11"]
[EventCountry "COL"]
[SourceTitle "CBM 160 Extra"]
[Source "ChessBase"]
[SourceDate "2014.07.01"]
[SourceVersion "1"]
[SourceVersionDate "2014.07.01"]
[SourceQuality "1"]

1. e4 c5 2. Nf3 d6 3. d4 cxd4 4. Nxd4 Nf6 5. Nc3 a6 6. Be3 e5 7. Nb3 Be7 8. f3 Be6 9. Qd2 0-0 10. 0-0-0 Nbd7 11. g4 b5 12. g5 b4 13. Ne2 Nh5 14. Ng3 Nf4 15. h4 a5 16. Bxf4 exf4 17. Nf5 Ne5 18. Nbd4 Bxa2 19. Qxf4 a4 20. Qd2 d5 21. f4 Nc4 22. Nc6 Nxd2 23. Nfxe7+ Kh8 24. Nxd8 Nxf1 25. Rhxf1 Rfxd8 26. Nxd5 Rdb8 27. Rd4 Bxd5 28. exd5 b3 29. cxb3 Rxb3 30. Rf2 Kg8 31. Rc2 Kf8 32. d6 a3 33. bxa3 Rbxa3 34. Rdc4 Rd8 35. Rc8 Ra8 36. R8c6 Ke8 37. Re2+ Kf8 1/2-1/2

[Event "Ortega op 3rd"]
[Site "Ortega"]
[Date "2013.06.10"]
[Round "8"]
[White "Rios Parra, Mauricio Flores"]
[Black "Rios Parra, Alejandro"]
[Result "1-0"]
[WhiteElo "2297"]
[BlackElo "2349"]
[PlyCount "87"]
[EventDate "2013.06.07"]
[EventType "swiss"]
[EventRounds "8"]
[EventCountry "COL"]
[SourceTitle "EXT 2014"]
[Source "ChessBase"]
[SourceDate "2013.11.20"]
[SourceVersion "1"]
[SourceVersionDate "2013.11.20"]
[SourceQuality "1"]

1. Nf3 Nf6 2. g3 b6 3. Bg2 Bb7 4. 0-0 e6 5. c4 c5 6. Nc3 Be7 7. b3 0-0 8. Bb2 d6 9. d4 cxd4 10. Qxd4 a6 11. Rfd1 Qc7 12. Rac1 Nbd7 13. h3 Rac8 14. e4 Qb8 15. Kh2 Rfd8 16. Qe3 Qa8 17. Nd4 Nc5 18. Re1 Re8 19. Rc2 Bd8 20. f4 Bc7 21. e5 dxe5 22. fxe5 Nfd7 23. Bxb7 Qxb7 24. Nf3 b5 25. b4 Na4 26. c5 Nxb2 27. Rxb2 Nb8 28. Rd1 Red8 29. Rbd2 Rxd2+ 30. Rxd2 Rd8 31. Rxd8+ Bxd8 32. Qd3 Qd7 33. Qxd7 Nxd7 34. Ne4 Kf8 35. Kg2 Ke7 36. Nf2 Bc7 37. Nd3 Nb8 38. Kf2 Nc6 39. a3 f6 40. Ke3 fxe5 41. g4 h6 42. Ke4 Kf6 43. h4 Bb8 44. Ndxe5 1-0

[Event "Ortega op 3rd"]
[Site "Ortega"]
[Date "2013.06.08"]
[Round "3"]
[White "Hevia Alejano, Carlos Antonio"]
[Black "Rios Parra, Mauricio Flores"]
[Result "1-0"]
[WhiteElo "2498"]
[BlackElo "2297"]
[PlyCount "69"]
[EventDate "2013.06.07"]
[EventType "swiss"]
[EventRounds "8"]
[EventCountry "COL"]
[SourceTitle "CBM 154 Extra"]
[Source "ChessBase"]
[SourceDate "2013.06.25"]
[SourceVersion "2"]
[SourceVersionDate "2013.06.25"]
[SourceQuality "1"]

1. d4 Nf6 2. Nf3 d5 3. c4 e6 4. g3 Be7 5. Bg2 0-0 6. 0-0 c6 7. Qc2 Nbd7 8. Bf4 Re8 9. b3 Nf8 10. Nc3 Ng6 11. Bc1 dxc4 12. bxc4 e5 13. dxe5 Ng4 14. Bb2 Bf8 15. Ne4 N4xe5 16. Nxe5 Nxe5 17. Rad1 Qa5 18. Bc3 Bb4 19. Nd6 Re7 20. Bxb4 Qxb4 21. c5 Qa5 22. f4 Ng4 23. Nxc8 Rxc8 24. Qf5 Rce8 25. Qxg4 Qxc5+ 26. Kh1 h5 27. Qh3 Rxe2 28. f5 Rxa2 29. Qxh5 Qc2 30. Bf3 Ra5 31. Rfe1 Rf8 32. Be4 Qc3 33. Qh4 Re8 34. f6 g6 35. Qh6 1-0

[Event "Bogota McGregor op 3rd"]
[Site "Bogota"]
[Date "2012.12.16"]
[Round "9"]
[White "Hernandez Agamez, Gonzalo"]
[Black "Rios Parra, Mauricio Flores"]
[Result "0-1"]
[WhiteElo "2131"]
[BlackElo "2295"]
[PlyCount "68"]
[EventDate "2012.12.12"]
[EventType "swiss"]
[EventRounds "9"]
[EventCountry "COL"]
[SourceTitle "EXT 2014"]
[Source "ChessBase"]
[SourceDate "2013.11.20"]
[SourceVersion "1"]
[SourceVersionDate "2013.11.20"]
[SourceQuality "1"]

1. e4 c5 2. Nf3 d6 3. d4 cxd4 4. Nxd4 Nf6 5. Nc3 a6 6. h3 e6 7. g4 h6 8. Bg2 Nbd7 9. Qe2 Qb6 10. Nb3 Be7 11. 0-0 Rb8 12. a4 Qc7 13. a5 b5 14. axb6 Nxb6 15. f4 Nfd7 16. Na5 g5 17. e5 d5 18. Nd1 gxf4 19. Bxf4 Nf8 20. Nf2 Ng6 21. Bg3 Bd7 22. Nd3 Bb5 23. Kh1 Nd7 24. Qf2 Rh7 25. Bxd5 Bxd3 26. cxd3 Rb5 27. Rfc1 Rc5 28. Rxc5 Bxc5 29. d4 Bb6 30. Nb3 exd5 31. e6 Nde5 32. Qf6 Qc4 33. exf7+ Rxf7 34. Qxb6 Rf1+ 0-1

[Event "Bogota McGregor op 3rd"]
[Site "Bogota"]
[Date "2012.12.15"]
[Round "7"]
[White "Pardo, Javier Andres"]
[Black "Rios Parra, Mauricio Flores"]
[Result "0-1"]
[WhiteElo "1953"]
[BlackElo "2295"]
[PlyCount "56"]
[EventDate "2012.12.12"]
[EventType "swiss"]
[EventRounds "9"]
[EventCountry "COL"]
[SourceTitle "EXT 2014"]
[Source "ChessBase"]
[SourceDate "2013.11.20"]
[SourceVersion "1"]
[SourceVersionDate "2013.11.20"]
[SourceQuality "1"]

1. e4 c5 2. Nf3 d6 3. d4 cxd4 4. Nxd4 Nf6 5. Nc3 a6 6. f3 e6 7. Be3 Nbd7 8. Qd2 b5 9. 0-0-0 Bb7 10. g4 Nb6 11. Kb1 Rc8 12. g5 Nfd7 13. b3 Qc7 14. Kb2 d5 15. Bd3 b4 16. Nce2 dxe4 17. Bxe4 Bxe4 18. fxe4 Nc5 19. Ng3 Nca4+ 20. Ka1 Nc3 21. Nxe6 fxe6 22. Bxb6 Qc6 23. Ba5 Nxd1 24. Rxd1 Be7 25. h4 0-0 26. Ne2 Qb5 27. Nd4 Qxa5 28. Nxe6 Qe5+ 0-1

[Event "Bogota McGregor op 3rd"]
[Site "Bogota"]
[Date "2012.12.14"]
[Round "4"]
[White "Rios Parra, Mauricio Flores"]
[Black "Chirivi Castiblanco, Angie Lizeth"]
[Result "1-0"]
[WhiteElo "2295"]
[BlackElo "2032"]
[PlyCount "71"]
[EventDate "2012.12.12"]
[EventType "swiss"]
[EventRounds "9"]
[EventCountry "COL"]
[SourceTitle "EXT 2014"]
[Source "ChessBase"]
[SourceDate "2013.11.20"]
[SourceVersion "1"]
[SourceVersionDate "2013.11.20"]
[SourceQuality "1"]

1. Nf3 Nf6 2. g3 g6 3. Bg2 Bg7 4. 0-0 d5 5. d3 0-0 6. Nbd2 c5 7. e4 dxe4 8. dxe4 Nc6 9. Re1 e5 10. c3 b6 11. Qe2 Qc7 12. Nc4 Bb7 13. Nfd2 Rad8 14. Nf1 b5 15. Nce3 c4 16. a4 a6 17. axb5 axb5 18. b3 Na5 19. bxc4 bxc4 20. Ba3 Rfe8 21. Bb4 Nb3 22. Ra3 Bxe4 23. Bxe4 Nxe4 24. Nxc4 Nec5 25. Nfe3 e4 26. Rb1 Ra8 27. Qa2 Qc6 28. Rbxb3 Nxb3 29. Rxa8 Rxa8 30. Qxb3 Ra1+ 31. Kg2 Qf6 32. Nd2 Qe5 33. Qc4 h5 34. Nxe4 Rc1 35. h4 Ra1 36. Qc8+ 1-0

[Event "COL-chT"]
[Site "Medelin"]
[Date "2011.11.03"]
[Round "3.4"]
[White "Martinez, Jorge Alexander"]
[Black "Rios Parra, Mauricio Flores"]
[Result "1-0"]
[WhiteElo "2200"]
[BlackElo "2305"]
[PlyCount "56"]
[EventDate "2011.11.02"]
[EventType "team-swiss"]
[EventRounds "6"]
[EventCountry "COL"]
[SourceTitle "EXT 2012"]
[Source "ChessBase"]
[SourceDate "2011.11.24"]
[SourceVersion "1"]
[SourceVersionDate "2011.11.24"]
[SourceQuality "1"]
[WhiteTeam "Santander"]
[BlackTeam "Titanes De Antiquia"]
[WhiteTeamCountry "COL"]
[BlackTeamCountry "COL"]

1. e4 c5 2. Nf3 g6 3. d4 Bg7 4. c4 Nc6 5. dxc5 Qa5+ 6. Bd2 Qxc5 7. Nc3 Nf6 8. Be2 0-0 9. 0-0 Qb6 10. Rb1 d6 11. b4 Bg4 12. Be3 Qd8 13. Nd4 Bd7 14. f3 b6 15. Qd2 Rc8 16. Nxc6 Bxc6 17. Rfd1 Nd7 18. Bh6 Bb7 19. Bxg7 Kxg7 20. f4 Nf6 21. Qe3 Qc7 22. e5 dxe5 23. Qxe5 Bc6 24. Rb2 Rfd8 25. Rbd2 Rxd2 26. Rxd2 Qxe5 27. fxe5 Ng8 28. b5 Be8 1-0